000 00572 a2200217 4500
005 20260209165023.0
008 260209b |||||||| |||| 00| 0 eng d
020 _a9781032795874
_c£ 39.99
040 _aMAIN
082 _a910.132
_bF647P(8)
100 _aFlint, Colin
245 _aPolitical geography: World-economy, nation-state, and locality
250 _a8th
260 _bRoutledge
_c2025
_aLondon
300 _axiv, 372
650 _aGeography
650 _aHuman Geography
650 _aPolitical Geography
700 _aTaylor, Peter J
942 _cBK
999 _c395290
_d395290